Countries by Greatest Oil imports - Statistics

General Stats
  • This quiz has been taken 37 times
    22 since last reset
  • The average score is 49 of 75
Answer Stats
# Answer % Correct
2 China
100%
20 Australia
94%
27 Brazil
94%
6 Germany
94%
18 Greece
94%
4 Japan
94%
44 Peru
94%
9 Spain
94%
10 United Kingdom
94%
1 United States
94%
34 Chile
88%
39 Czech Republic
88%
31 Finland
88%
12 France
88%
3 India
88%
23 Indonesia
88%
47 New Zealand
88%
19 Poland
88%
5 South Korea
88%
46 Switzerland
88%
14 Thailand
88%
24 Turkey
88%
36 Austria
81%
17 Belgium
81%
16 Canada
81%
48 Denmark
81%
49 Egypt
81%
8 Italy
81%
38 Morocco
81%
11 Netherlands
81%
57 Norway
81%
28 Portugal
81%
13 Singapore
81%
26 Sweden
81%
56 Croatia
75%
62 Russia
75%
42 Slovakia
75%
22 South Africa
75%
15 Taiwan
75%
58 Ukraine
75%
52 Ireland
69%
51 North Korea
69%
25 Pakistan
69%
7 Philippines
69%
61 Serbia
69%
65 Bangladesh
63%
37 Cuba
63%
63 Iran
63%
29 Israel
63%
45 Romania
63%
40 Bulgaria
56%
43 Hungary
56%
35 Lithuania
56%
33 Malaysia
56%
68 Tunisia
56%
69 Bosnia and Herzegovina
50%
41 Kazakhstan
50%
70 Kenya
50%
55 Uruguay
50%
21 Belarus
44%
59 Sri Lanka
44%
72 Papua New Guniea
38%
64 Dominican Republic
31%
66 Ghana
31%
67 Jamaica
31%
71 Senegal
25%
53 Jordan
19%
74 Nicaragua
13%
73 Zambia
13%
60 Cameroon
6%
75 El Salvador
6%
54 Trinidad and Tobago
6%
32 Aruba
0%
30 Bahrain
0%
50 Cote d'Ivoire
0%
No matching quizzes found
Score Distribution
Percent of People with Each Score
Percentile by Number Answered
Your Score History
You have not taken this quiz since the last reset